Travel from Lisbon to Jerusalem-Sudden Death - Statistics

General Stats
  • This quiz has been taken 384 times
  • The average score is 2 of 26
Answers on the Grid
Answers color-coded by a green-red scale on the quiz's grid according to % correct below.
Lisbon🇵🇹
Seville🇪🇸
Murcia🇪🇸
Barcelona🇪🇸
Cannes🇫🇷
Gijon🇪🇸
Toledo🇪🇸
Andorra la Vella🇦🇩
Grenoble🇫🇷
Basel🇨🇭
Albacete🇪🇸
Bilbao🇪🇸
Marseille🇫🇷
Orleans🇫🇷
Hamburg🇩🇪
Zurich🇨🇭
Girona🇪🇸
Bordeaux🇫🇷
Turin🇮🇹
Luxembourg City🇱🇺
Pecs🇭🇺
Krakow🇵🇱
Berlin🇩🇪
Verona🇮🇹
Nuremberg🇩🇪
Iasi🇷🇴
Cluj-Napoca🇷🇴
Budapest🇭🇺
Linz🇦🇹
Zadar🇭🇷
Odesa🇺🇦
Varna🇧🇬
Sarajevo🇧🇦
Novi Sad🇷🇸
Tirana🇦🇱
Minsk🇧🇾
Dnipro🇺🇦
Skopje🇲🇰
Istanbul🇹🇷
Thessaloniki🇬🇷
Donetsk🇺🇦
Tbilisi🇬🇪
Izmir🇹🇷
Sivas🇹🇷
Kayseri🇹🇷
Rostov🇷🇺
Erbil🇮🇶
Trabzon🇹🇷
Baghdad🇮🇶
Aleppo🇸🇾
Baku🇦🇿
Stavropol🇷🇺
Kars🇹🇷
Al Raqqah🇸🇾
Beirut🇱🇧
Vladivostok🇷🇺
Vladikakvaz🇷🇺
Yerevan🇦🇲
Damascus🇸🇾
Jerusalem🇮🇱
 
Answer Stats
Answer % Correct
Lisbon🇵🇹
95%
Seville🇪🇸
64%
Toledo🇪🇸
28%
Bilbao🇪🇸
11%
Jerusalem🇮🇱
4%
Beirut🇱🇧
3%
Bordeaux🇫🇷
1%
Cluj-Napoca🇷🇴
1%
Aleppo🇸🇾
0%
Budapest🇭🇺
0%
Dnipro🇺🇦
0%
Donetsk🇺🇦
0%
Iasi🇷🇴
0%
Kars🇹🇷
0%
Kayseri🇹🇷
0%
Linz🇦🇹
0%
Luxembourg City🇱🇺
0%
Nuremberg🇩🇪
0%
Odesa🇺🇦
0%
Orleans🇫🇷
0%
Rostov🇷🇺
0%
Sivas🇹🇷
0%
Stavropol🇷🇺
0%
Trabzon🇹🇷
0%
Vladikakvaz🇷🇺
0%
Yerevan🇦🇲
0%
No matching quizzes found
Score Distribution
Percent of People with Each Score
Percentile by Number Answered
Your Score History
You have not taken this quiz